Treatise on analytical chemistry /
Guardado en:
| Autor Principal: | |
|---|---|
| Otros Autores: | |
| Formato: | Libro |
| Idioma: | English |
| Publicado: |
New York :
Interscience Publishers,
1961-1965.
|
| Materias: | |
| Etiquetas: |
Agregar Etiqueta
Sin Etiquetas, Sea el primero en etiquetar este registro!
|
| LEADER | 01562cam a22003251a 4500 | ||
|---|---|---|---|
| 001 | EIQ.libpla004422 | ||
| 008 | 731030m19611965nyua#####b####001#0#eng## | ||
| 005 | 20130808144330.0 | ||
| 245 | 1 | 0 | |a Treatise on analytical chemistry / |c Edited by I. M. Kolthoff and Philip J. Elving, with the assistance of Ernest B. Sandell. |
| 260 | |a New York : |b Interscience Publishers, |c 1961-1965. | ||
| 300 | |a Part I : vols. 2, 3, 4, 6 ; Part II: vols. 2, 6, 7, 8 : |b il. ; |c 25 cm. | ||
| 504 | |a Incluye referencias bibliográficas e índice. | ||
| 505 | 1 | |a pt. 1. Theory and practice. -- pt. 2. Analytical chemistry of the elements | |
| 020 | |a 0471499668 (pt. 1, v. 10) varies | ||
| 100 | 1 | |a Kolthoff, I. M. |q (Izaak Maurits), |d 1894-1993. | |
| 700 | 1 | |a Elving, Philip Juliber, |d 1913- |e joint author. | |
| 082 | 0 | 0 | |a 543 |2 19 |
| 650 | 0 | |a Analytic chemistry | |
| 650 | 0 | |a Quúimica analítica | |
| 010 | |a 59012439 | ||
| 040 | |a DLC |c DLC |d DLC | ||
| 050 | 0 | 0 | |a QD75 |b .K6 |
| 859 | |a AR-BbSID |b BIB. PLAPIQUI |h 543 |i K835 |p 6314 |v 1-2 |3 Parte 1 Vol. 2 | ||
| 859 | |a AR-BbSID |b BIB. PLAPIQUI |h 543 |i K835 |p 6315 |v 1-3 |3 Parte 1 Vol. 3 | ||
| 859 | |a AR-BbSID |b BIB. PLAPIQUI |h 543 |i K835 |p 6316 |v 1-4 |3 Parte 1 Vol. 4 | ||
| 859 | |a AR-BbSID |b BIB. PLAPIQUI |h 543 |i K835 |p 6317 |v 1-6 |3 Parte 1 Vol. 6 | ||
| 859 | |a AR-BbSID |b BIB. PLAPIQUI |h 543 |i K835 |p 6318 |v 2-2 |3 Parte 2 Vol. 2 | ||
| 859 | |a AR-BbSID |b BIB. PLAPIQUI |h 543 |i K835 |p 6319 |v 2-6 |3 Parte 2 Vol. 6 | ||
| 859 | |a AR-BbSID |b BIB. PLAPIQUI |h 543 |i K835 |p 6320 |v 2-7 |3 Parte 2 Vol. 7 | ||
| 859 | |a AR-BbSID |b BIB. PLAPIQUI |h 543 |i K835 |p 6321 |v 2-8 |3 Parte 2 Vol. 8 | ||
